00408nam a2200145 450000500170000002000180001708200230003508400250005810000280008324500570011126000520016830000110022094200120023199900190024320260522124101.0 a9788197037207 a551.460 285 BAR.M  2Colon Classification aBarborini, Rudy 914949 aMarine remote sensing applications / Rudy Barborini  aNew Delhi:bDiscovery publishing house, cc2025 a270p.  2ddccBK c759772d759772